[Event "Rhein Main op-A 17th"]
[Site "Bad Homburg"]
[Date "2014.06.21"]
[Round "6"]
[White "Khrapko, Marko"]
[Black "Fischer, Alexander"]
[Result "0-1"]
[WhiteElo "1820"]
[BlackElo "2051"]
[PlyCount "60"]
[EventDate "2014.06.18"]
[EventType "swiss"]
[EventRounds "7"]
[EventCountry "GER"]
[SourceTitle "CBM 161 Extra"]
[Source "ChessBase"]
[SourceDate "2014.08.29"]
[SourceVersion "1"]
[SourceVersionDate "2014.08.29"]
[SourceQuality "1"]

1. e4 c6 2. d4 d5 3. e5 Bf5 4. f4 e6 5. Nf3 c5 6. c3 Nc6 7. Bd3 Bxd3 8. Qxd3 Qb6 9. 0-0 Rc8 10. Kh1 cxd4 11. Nxd4 Nxd4 12. cxd4 Ne7 13. Nc3 Nf5 14. Ne2 h5 15. b3 Be7 16. Bb2 a6 17. Rac1 Kd7 18. Rxc8 Rxc8 19. Rd1 Qa5 20. a3 Rc6 21. Kg1 Qc7 22. Rd2 Qb6 23. Rd1 g6 24. Kf2 Bf8 25. g3 Rc8 26. h3 Ne7 27. Kg2 Nc6 28. Rd2 Na7 29. Nc3 Qxb3 30. Qb1 Rxc3 0-1

[Event "Rhein Main op-A 16th"]
[Site "Bad Homburg"]
[Date "2013.06.02"]
[Round "7"]
[White "Khrapko, Marko"]
[Black "Gutacker, Stephan"]
[Result "0-1"]
[WhiteElo "1818"]
[BlackElo "1965"]
[PlyCount "66"]
[EventDate "2013.05.29"]
[EventType "swiss"]
[EventRounds "7"]
[EventCountry "GER"]
[SourceTitle "EXT 2014"]
[Source "ChessBase"]
[SourceDate "2013.11.20"]
[SourceVersion "1"]
[SourceVersionDate "2013.11.20"]
[SourceQuality "1"]

1. e4 e5 2. Nf3 Nc6 3. Bb5 Bc5 4. 0-0 Nd4 5. Nxd4 exd4 6. c3 Ne7 7. cxd4 Bxd4 8. Nc3 0-0 9. Ne2 Bb6 10. d3 c6 11. Ba4 d5 12. Nf4 dxe4 13. dxe4 Qxd1 14. Rxd1 Bg4 15. Re1 Ng6 16. Nxg6 hxg6 17. Bb3 Rfe8 18. h3 Be6 19. Bxe6 Rxe6 20. Kf1 Rae8 21. f3 f5 22. Be3 Ba5 23. Red1 fxe4 24. fxe4 b6 25. Bg5 Rxe4 26. Rd7 Rf8+ 27. Kg1 Re2 28. Rxa7 Rff2 29. h4 Rxg2+ 30. Kh1 Rh2+ 31. Kg1 Bb4 32. Rd1 Bc5+ 33. Kf1 Rhf2+ 0-1

[Event "Rhein Main op-A 16th"]
[Site "Bad Homburg"]
[Date "2013.05.29"]
[Round "1"]
[White "Keller, Peter1111"]
[Black "Khrapko, Marko"]
[Result "1/2-1/2"]
[WhiteElo "2065"]
[BlackElo "1818"]
[PlyCount "75"]
[EventDate "2013.05.29"]
[EventType "swiss"]
[EventRounds "7"]
[EventCountry "GER"]
[SourceTitle "EXT 2014"]
[Source "ChessBase"]
[SourceDate "2013.11.20"]
[SourceVersion "1"]
[SourceVersionDate "2013.11.20"]
[SourceQuality "1"]

1. e4 e5 2. Nf3 Nf6 3. Nxe5 Nxe4 4. Qe2 Qe7 5. Qxe4 d6 6. d4 dxe5 7. dxe5 Nc6 8. Bb5 Bd7 9. 0-0 0-0-0 10. Nc3 Nxe5 11. Bxd7+ Nxd7 12. Qa4 a6 13. a3 Qf6 14. Be3 Bd6 15. Ne4 Qe5 16. Nxd6+ Qxd6 17. Rfd1 Qg6 18. b4 Ne5 19. b5 Rxd1+ 20. Rxd1 Qg4 21. Qxg4+ Nxg4 22. bxa6 bxa6 23. Bd4 Rd8 24. Rd3 f6 25. f3 Ne5 26. Bxe5 Rxd3 27. cxd3 fxe5 28. Kf2 Kd7 29. Ke3 c5 30. Ke4 Ke6 31. h4 a5 32. a4 Kd6 33. h5 Ke6 34. g3 g6 35. g4 Kd6 36. hxg6 hxg6 37. f4 exf4 38. Kxf4 1/2-1/2

[Event "GER-ch U25 op-A"]
[Site "Oberhof"]
[Date "2013.05.21"]
[Round "4"]
[White "Pixa, Richard"]
[Black "Khrapko, Marko"]
[Result "1-0"]
[WhiteElo "1920"]
[BlackElo "1818"]
[PlyCount "81"]
[EventDate "2013.05.19"]
[EventType "swiss"]
[EventRounds "9"]
[EventCountry "GER"]
[SourceTitle "CBM 154 Extra"]
[Source "ChessBase"]
[SourceDate "2013.06.25"]
[SourceVersion "2"]
[SourceVersionDate "2013.06.25"]
[SourceQuality "1"]

1. d4 Nf6 2. c4 e6 3. Nc3 b6 4. e4 Bb4 5. Qc2 Bb7 6. Bd3 Bxc3+ 7. bxc3 d5 8. cxd5 exd5 9. e5 Ne4 10. Ba3 Qg5 11. g3 Qh5 12. Be2 Qf5 13. f3 Nd6 14. Bd3 Qe6 15. Bxd6 cxd6 16. f4 dxe5 17. fxe5 Nc6 18. Nf3 Rc8 19. 0-0 Nb4 20. Qa4+ Nc6 21. Ng5 Qh6 22. Nxf7 Qe3+ 23. Kh1 Qxd3 24. Nd6+ Ke7 25. Nxb7 Qe4+ 26. Kg1 Qe3+ 27. Kg2 Qxc3 28. Nd6 Rcf8 29. Nf5+ Kd8 30. Nxg7 Qd2+ 31. Kh1 Rf2 32. Rxf2 Qxf2 33. Qxc6 Qf3+ 34. Kg1 Qe3+ 35. Kg2 Qe4+ 36. Kh3 b5 37. Qd6+ Kc8 38. Rc1+ Kb7 39. Qd7+ Ka6 40. Rc7 Qg4+ 41. Qxg4 1-0

[Event "GER-ch U25 op-A"]
[Site "Oberhof"]
[Date "2013.05.20"]
[Round "3"]
[White "Gressmann, Hanna"]
[Black "Khrapko, Marko"]
[Result "0-1"]
[WhiteElo "1520"]
[BlackElo "1818"]
[PlyCount "58"]
[EventDate "2013.05.19"]
[EventType "swiss"]
[EventRounds "9"]
[EventCountry "GER"]
[SourceTitle "CBM 154 Extra"]
[Source "ChessBase"]
[SourceDate "2013.06.25"]
[SourceVersion "2"]
[SourceVersionDate "2013.06.25"]
[SourceQuality "1"]

1. e4 e5 2. Nf3 Nc6 3. Bc4 Nf6 4. d3 Bc5 5. c3 d6 6. 0-0 a6 7. Bb3 Bg4 8. Re1 Qd7 9. Nbd2 0-0-0 10. Bc2 h6 11. b4 Bb6 12. a4 Ne7 13. a5 Ba7 14. Ba4 c6 15. Qc2 g5 16. c4 Bxf3 17. Nxf3 g4 18. Nd2 g3 19. hxg3 Ng4 20. Re2 f5 21. Nf1 Rhg8 22. b5 Bd4 23. Rb1 f4 24. bxa6 Nxf2 25. Rxf2 fxg3 26. Nxg3 Rxg3 27. Kh1 Qg4 28. Rxb7 Rxg2 29. Rxg2 Qh3+ 0-1

[Event "GER-ch U25 op-A"]
[Site "Oberhof"]
[Date "2013.05.19"]
[Round "2"]
[White "Khrapko, Marko"]
[Black "Bilchinski, Anton"]
[Result "0-1"]
[WhiteElo "1818"]
[BlackElo "1900"]
[PlyCount "87"]
[EventDate "2013.05.19"]
[EventType "swiss"]
[EventRounds "9"]
[EventCountry "GER"]
[SourceTitle "CBM 154 Extra"]
[Source "ChessBase"]
[SourceDate "2013.06.25"]
[SourceVersion "2"]
[SourceVersionDate "2013.06.25"]
[SourceQuality "1"]

1. e4 c5 2. Nf3 e6 3. d4 cxd4 4. Nxd4 a6 5. Nc3 Qc7 6. Bd3 Nf6 7. 0-0 b5 8. a4 b4 9. Na2 Bb7 10. Re1 Bc5 11. e5 Nd5 12. Nb3 Ba7 13. Qg4 Nc6 14. Bd2 Qb6 15. Re2 0-0-0 16. a5 Qc7 17. Nxb4 Ncxb4 18. Bxb4 h5 19. Qe4 Nc3 20. Qc4 Qxc4 21. Bxc4 Nxe2+ 22. Bxe2 f6 23. exf6 gxf6 24. Bc5 Kb8 25. Bd6+ Ka8 26. Nc5 Bxc5 27. Bxc5 Rc8 28. b4 d6 29. Bxd6 Rxc2 30. Re1 h4 31. Bc5 Rd8 32. Bf1 e5 33. g3 hxg3 34. hxg3 e4 35. Bg2 f5 36. Bh1 Bc6 37. Bg2 Kb7 38. Bb6 Rdd2 39. Be3 Rd7 40. Bf1 Rb2 41. Bc5 f4 42. gxf4 e3 43. Bxe3 Rh7 44. Bg2 0-1

[Event "Hessen-ch U18"]
[Site "Bad Homburg"]
[Date "2013.??.??"]
[Round "2"]
[White "Khrapko, Marko"]
[Black "Stabernack, Joschi"]
[Result "1/2-1/2"]
[WhiteElo "1818"]
[BlackElo "2012"]
[PlyCount "38"]
[EventDate "2013.03.??"]
[EventType "swiss"]
[EventRounds "7"]
[EventCountry "GER"]
[SourceTitle "EXT 2014"]
[Source "ChessBase"]
[SourceDate "2013.11.20"]
[SourceVersion "1"]
[SourceVersionDate "2013.11.20"]
[SourceQuality "1"]

1. e4 e5 2. Nf3 Nc6 3. d4 exd4 4. Nxd4 Bc5 5. Be3 Bb6 6. Bc4 d6 7. Nc3 Nf6 8. 0-0 Ng4 9. Nxc6 bxc6 10. Bxb6 axb6 11. h3 Ne5 12. Bb3 Ba6 13. Re1 Qf6 14. a4 0-0 15. Qd2 Qg6 16. Qe3 Nc4 17. Bxc4 Bxc4 18. b3 Ba6 19. Ne2 Bxe2 1/2-1/2

[Event "Rhein Main op-A 15th"]
[Site "Bad Homburg"]
[Date "2012.06.09"]
[Round "6"]
[White "Khrapko, Marko"]
[Black "Ziese, Gerhard"]
[Result "1/2-1/2"]
[WhiteElo "1789"]
[BlackElo "2024"]
[PlyCount "94"]
[EventDate "2012.06.06"]
[EventType "swiss"]
[EventRounds "7"]
[EventCountry "GER"]
[SourceTitle "EXT 2013"]
[Source "ChessBase"]
[SourceDate "2012.11.22"]
[SourceVersion "1"]
[SourceVersionDate "2012.11.22"]
[SourceQuality "1"]

1. e4 e5 2. Nf3 Nc6 3. Bc4 Nf6 4. Nc3 Be7 5. 0-0 0-0 6. d4 exd4 7. Nxd4 d6 8. f4 Bd7 9. h3 Nxd4 10. Qxd4 Bc6 11. Be3 a6 12. a4 Qd7 13. b4 b5 14. axb5 axb5 15. Rxa8 Rxa8 16. Bb3 Qe8 17. e5 dxe5 18. fxe5 Rd8 19. Qf4 Nd5 20. Nxd5 Bxd5 21. Bxd5 Rxd5 22. c3 Bg5 23. Qxg5 Rxe5 24. Qg3 Rxe3 25. Qxc7 h6 26. Rd1 Kh7 27. Rd7 Rxc3 28. Qxc3 Qxd7 29. Qc5 Qd3 30. Qe7 f5 31. Qe5 h5 32. Kh2 h4 33. Qf4 Qe4 34. Qg5 g6 35. Qd2 Qe5+ 36. Kh1 f4 37. Qd7+ Kh6 38. Qd8 Qe1+ 39. Kh2 Qxb4 40. Qxh4+ Kg7 41. Qg5 Kf7 42. Qd5+ Kg7 43. Qe5+ Kh7 44. Qf6 Qe4 45. Qf7+ Kh6 46. Qf8+ Kg5 47. Qd8+ Kh6 1/2-1/2

[Event "Rhein Main op-A 15th"]
[Site "Bad Homburg"]
[Date "2012.06.08"]
[Round "4"]
[White "Khrapko, Marko"]
[Black "Mertens, Klaus"]
[Result "0-1"]
[WhiteElo "1789"]
[BlackElo "2064"]
[PlyCount "100"]
[EventDate "2012.06.06"]
[EventType "swiss"]
[EventRounds "7"]
[EventCountry "GER"]
[SourceTitle "EXT 2013"]
[Source "ChessBase"]
[SourceDate "2012.11.22"]
[SourceVersion "1"]
[SourceVersionDate "2012.11.22"]
[SourceQuality "1"]

1. e4 c5 2. Nf3 e6 3. d4 cxd4 4. Nxd4 a6 5. Bd3 Nf6 6. 0-0 Qc7 7. Qe2 d6 8. c4 Nbd7 9. f4 b6 10. Nc3 Bb7 11. Nb3 Be7 12. Be3 0-0 13. Rac1 Rfe8 14. Qf2 Ng4 15. Qe2 Nxe3 16. Qxe3 Rac8 17. Kh1 Nc5 18. Nxc5 Qxc5 19. Qxc5 bxc5 20. Rcd1 Bf6 21. Ne2 Bc6 22. b3 Rcd8 23. Rd2 Kf8 24. Rfd1 Ke7 25. Kg1 g5 26. g3 h5 27. Kf2 Rg8 28. Bc2 gxf4 29. gxf4 h4 30. h3 Bh8 31. Bb1 f5 32. exf5 Rg2+ 33. Ke3 Rh2 34. Ng1 Bd4+ 35. Rxd4 cxd4+ 36. Kxd4 e5+ 37. Ke3 Rg8 38. fxe5 dxe5 39. f6+ Kf7 40. Rf1 Rg3+ 41. Nf3 Bxf3 42. Rxf3 Rhxh3 43. Be4 Rxf3+ 44. Bxf3 Kxf6 45. Ke4 Ke7 46. c5 Rg3 47. Ke3 h3 48. Kf2 Rg7 49. c6 Kd6 50. a4 a5 0-1

[Event "Karl Mala Memorial op 14th"]
[Site "Frankfurt"]
[Date "2011.07.10"]
[Round "7"]
[White "Rennhack, Peer"]
[Black "Khrapko, Marko"]
[Result "0-1"]
[WhiteElo "1971"]
[BlackElo "1738"]
[PlyCount "98"]
[EventDate "2011.07.07"]
[EventType "swiss"]
[EventRounds "7"]
[EventCountry "GER"]
[SourceTitle "EXT 2012"]
[Source "ChessBase"]
[SourceDate "2011.11.24"]
[SourceVersion "1"]
[SourceVersionDate "2011.11.24"]
[SourceQuality "1"]

1. e4 e5 2. Nf3 Nc6 3. Bb5 Nf6 4. 0-0 d6 5. Re1 Bd7 6. c3 Be7 7. d4 0-0 8. Nbd2 Nxd4 9. Nxd4 exd4 10. Bxd7 dxc3 11. Bf5 cxd2 12. Bxd2 Re8 13. f4 g6 14. Bh3 Bf8 15. Qc2 Bg7 16. Rad1 Nd7 17. Be3 Nb6 18. Bg4 c6 19. g3 Qc7 20. b3 Rad8 21. f5 d5 22. Bg5 f6 23. Bf4 Qf7 24. fxg6 hxg6 25. Re2 dxe4 26. Rxe4 Rxd1+ 27. Bxd1 Rxe4 28. Qxe4 f5 29. Qe1 Qd5 30. Qe8+ Kh7 31. Be2 Qd4+ 32. Be3 Qa1+ 33. Kf2 Nd5 34. Bxa7 Qxa2 35. Bc5 Qxb3 36. Qf7 Qb2 37. Bf8 Qd4+ 38. Kg2 Qf6 39. Qxb7 Qxf8 40. Qxc6 Qe7 41. Bf3 Ne3+ 42. Kh3 g5 43. g4 f4 44. Be4+ Kh8 45. Qg6 Bf8 46. Qh5+ Kg8 47. Qg6+ Qg7 48. Qe6+ Kh8 49. Bg6 Qh6+ 0-1

[Event "Rhein Main op-A 14th"]
[Site "Bad Homburg"]
[Date "2011.06.25"]
[Round "5"]
[White "Khrapko, Marko"]
[Black "Schimmer, Michael"]
[Result "1/2-1/2"]
[WhiteElo "1759"]
[BlackElo "1923"]
[PlyCount "64"]
[EventDate "2011.06.22"]
[EventType "swiss"]
[EventRounds "7"]
[EventCountry "GER"]
[SourceTitle "EXT 2012"]
[Source "ChessBase"]
[SourceDate "2011.11.24"]
[SourceVersion "1"]
[SourceVersionDate "2011.11.24"]
[SourceQuality "1"]

1. e4 d6 2. d4 Nf6 3. Nc3 g6 4. Bg5 Bg7 5. Qd2 h6 6. Be3 Ng4 7. 0-0-0 Nc6 8. Nge2 Bd7 9. h3 Nxe3 10. Qxe3 e6 11. f4 0-0 12. g4 a6 13. Bg2 b5 14. d5 Na5 15. b3 b4 16. dxe6 Bxe6 17. Nd5 Bxd5 18. Rxd5 c6 19. Rd3 Qf6 20. Qd4 Qxd4 21. Nxd4 Rac8 22. Rhd1 c5 23. Nf3 c4 24. Re3 Rfd8 25. Kb1 Rc5 26. Nd2 Rdc8 27. bxc4 Nxc4 28. Nxc4 Rxc4 29. Rd2 a5 30. Red3 Bc3 31. Rd1 Bf6 32. R1d2 Bc3 1/2-1/2

[Event "Rhein Main op-A 14th"]
[Site "Bad Homburg"]
[Date "2011.06.23"]
[Round "2"]
[White "Rennhack, Peer"]
[Black "Khrapko, Marko"]
[Result "0-1"]
[WhiteElo "1971"]
[BlackElo "1759"]
[PlyCount "154"]
[EventDate "2011.06.22"]
[EventType "swiss"]
[EventRounds "7"]
[EventCountry "GER"]
[SourceTitle "EXT 2012"]
[Source "ChessBase"]
[SourceDate "2011.11.24"]
[SourceVersion "1"]
[SourceVersionDate "2011.11.24"]
[SourceQuality "1"]

1. e4 e5 2. Nf3 Nc6 3. Bb5 Nf6 4. 0-0 d6 5. Re1 Bd7 6. c3 Ne7 7. Bc4 b5 8. Bb3 c5 9. d3 h6 10. a4 a6 11. axb5 axb5 12. Rxa8 Qxa8 13. Na3 Ng6 14. Nc2 Be7 15. Ne3 Qc8 16. d4 0-0 17. Nd5 Nxd5 18. Bxd5 Be6 19. Qb3 Bxd5 20. exd5 exd4 21. cxd4 Qb7 22. dxc5 dxc5 23. Nd2 c4 24. Nxc4 Qxd5 25. Nd2 Qxb3 26. Nxb3 Rc8 27. Nd4 b4 28. g3 Bf6 29. Be3 Rd8 30. Nc6 Rc8 31. Nxb4 Bxb2 32. Rb1 Be5 33. Nd3 Rb8 34. Rc1 Bd6 35. Rc6 Be7 36. h4 Rd8 37. Rc3 Bf6 38. Rb3 Ne5 39. Nf4 Ng4 40. Nh5 Bd4 41. Rd3 Nxe3 42. fxe3 Bb6 43. Rb3 Bc5 44. Kf2 Rd5 45. Nf4 Rf5 46. Ke2 g5 47. Nd3 gxh4 48. e4 hxg3 49. Nxc5 Rxc5 50. Rxg3+ Rg5 51. Rh3 Kg7 52. Kf3 Kg6 53. Kf4 h5 54. Rh4 f6 55. Kf3 Rg1 56. Rh2 Kg5 57. Rb2 Rf1+ 58. Kg2 Rf4 59. Re2 Rg4+ 60. Kf3 Rf4+ 61. Kg2 Rg4+ 62. Kf3 Rg1 63. e5 fxe5 64. Rxe5+ Kh4 65. Re4+ Kh3 66. Re5 h4 67. Re4 Rf1+ 68. Ke2 Rf7 69. Rb4 Kg3 70. Rb3+ Kg2 71. Rb4 Re7+ 72. Kd3 h3 73. Rb2+ Kg3 74. Kd4 h2 75. Rb3+ Kg4 76. Rb1 Rh7 77. Rh1 Kg3 0-1

[Event "Main Vogelsberg op 6th"]
[Site "Hanau"]
[Date "2011.06.02"]
[Round "1"]
[White "Khrapko, Marko"]
[Black "Lindner, Marco"]
[Result "1-0"]
[WhiteElo "1519"]
[BlackElo "1977"]
[PlyCount "89"]
[EventDate "2011.06.02"]
[EventType "swiss"]
[EventRounds "7"]
[EventCountry "GER"]
[SourceTitle "CBM 142 Extra"]
[Source "ChessBase"]
[SourceDate "2011.06.27"]
[SourceVersion "1"]
[SourceVersionDate "2011.06.27"]
[SourceQuality "1"]

1. e4 d5 2. exd5 Nf6 3. Nc3 Nxd5 4. Nxd5 Qxd5 5. Nf3 Bg4 6. Be2 Nc6 7. 0-0 0-0-0 8. d3 e5 9. Nd4 Bxe2 10. Nxe2 h5 11. Kh1 Be7 12. f4 f6 13. Nc3 Qd7 14. Be3 exf4 15. Bxf4 g5 16. Be3 f5 17. Qf3 f4 18. Bg1 Rdf8 19. Rae1 Bb4 20. a3 Bxc3 21. bxc3 Rf5 22. Re4 Qf7 23. Rfe1 g4 24. Qf2 f3 25. R1e3 fxg2+ 26. Qxg2 Rf4 27. Rxf4 Qxf4 28. Qe4 Qg5 29. Qe6+ Kb8 30. Re4 Rd8 31. Be3 Qh4 32. Bg1 Rf8 33. Qg6 Kc8 34. Qe6+ Kb8 35. Qg6 Nd8 36. Re8 Rxe8 37. Qxe8 Qf6 38. Bf2 Kc8 39. Kg1 h4 40. Qe4 g3 41. hxg3 hxg3 42. Bxg3 Qxc3 43. Qf5+ Kb8 44. Qd7 Qc5+ 45. d4 1-0

[Event "Karl Mala Memorial op 13th"]
[Site "Frankfurt"]
[Date "2010.07.17"]
[Round "3"]
[White "Khrapko, Marko"]
[Black "Peschk, Kathrin"]
[Result "1-0"]
[WhiteElo "1475"]
[BlackElo "922"]
[PlyCount "65"]
[EventDate "2010.07.08"]
[EventType "swiss"]
[EventRounds "7"]
[EventCountry "GER"]
[SourceTitle "EXT 2012"]
[Source "ChessBase"]
[SourceDate "2011.11.24"]
[SourceVersion "1"]
[SourceVersionDate "2011.11.24"]
[SourceQuality "1"]

1. e4 e5 2. Nf3 Nc6 3. Bc4 Bc5 4. c3 Nf6 5. d3 d6 6. b4 Bb6 7. Qb3 0-0 8. a4 a5 9. b5 Ne7 10. Bg5 Ng6 11. Nbd2 Nf4 12. Bxf4 exf4 13. 0-0 Bg4 14. Ng5 Bh5 15. Nh3 f3 16. Nxf3 Bxf3 17. gxf3 Qd7 18. Nf4 Ng4 19. fxg4 Qxg4+ 20. Ng2 Rae8 21. Qd1 Qg5 22. Qf3 Bc5 23. Qf4 Qg6 24. Bd5 b6 25. d4 Bxd4 26. cxd4 Re7 27. Kh1 Qh5 28. f3 g5 29. Qg4 Qg6 30. f4 h6 31. fxg5 hxg5 32. Nh4 Qg7 33. Nf5 1-0

[Event "Karl Mala Memorial op 13th"]
[Site "Frankfurt"]
[Date "2010.07.09"]
[Round "2"]
[White "Kopanski, Lorenz"]
[Black "Khrapko, Marko"]
[Result "1-0"]
[WhiteElo "1842"]
[BlackElo "1475"]
[PlyCount "35"]
[EventDate "2010.07.08"]
[EventType "swiss"]
[EventRounds "7"]
[EventCountry "GER"]
[SourceTitle "EXT 2012"]
[Source "ChessBase"]
[SourceDate "2011.11.24"]
[SourceVersion "1"]
[SourceVersionDate "2011.11.24"]
[SourceQuality "1"]

1. e4 e5 2. Bc4 Nf6 3. d4 d6 4. Nf3 Bg4 5. h3 Bh5 6. c3 Nc6 7. Bb3 Be7 8. Nbd2 0-0 9. Nf1 Nd7 10. Ng3 Bg6 11. Qe2 Bh4 12. Nf5 Bxf5 13. exf5 Bf6 14. g4 h6 15. h4 Re8 16. g5 hxg5 17. hxg5 Be7 18. g6 1-0

[Event "Karl Mala Memorial op 13th"]
[Site "Frankfurt"]
[Date "2010.07.08"]
[Round "1"]
[White "Khrapko, Marko"]
[Black "Machowitsch, Wolf"]
[Result "0-1"]
[WhiteElo "1475"]
[BlackElo "2001"]
[PlyCount "166"]
[EventDate "2010.07.08"]
[EventType "swiss"]
[EventRounds "7"]
[EventCountry "GER"]
[SourceTitle "EXT 2012"]
[Source "ChessBase"]
[SourceDate "2011.11.24"]
[SourceVersion "1"]
[SourceVersionDate "2011.11.24"]
[SourceQuality "1"]

1. e4 e6 2. d4 d5 3. exd5 exd5 4. c4 Nf6 5. Nc3 Bb4 6. a3 Be7 7. Nf3 c6 8. h3 0-0 9. Bd3 dxc4 10. Bxc4 Nbd7 11. 0-0 Nb6 12. Bb3 Bf5 13. Bf4 Nfd5 14. Qd2 f6 15. Rfe1 Re8 16. Rad1 Bg6 17. Bg3 Qd7 18. Ne4 Rad8 19. Nc5 Qc8 20. Ne6 Rd7 21. Nc5 Rdd8 22. Ne6 Bb4 23. axb4 Rxe6 24. Rxe6 Qxe6 25. Ra1 Nc8 26. Bc4 a6 27. b3 Bf7 28. Bc7 Re8 29. Re1 Qd7 30. Rxe8+ Qxe8 31. Bf4 Qe7 32. Bxd5 Bxd5 33. Qc3 Qe2 34. Nd2 Qe1+ 35. Kh2 Qxf2 36. Qg3 Qxd4 37. Bh6 Qe5 38. Bf4 Qe2 39. Bh6 Qxg2+ 40. Qxg2 Bxg2 41. Bxg7 Bxh3 42. Bxf6 Be6 43. Nc4 Kf7 44. Be5 Ke7 45. Na5 Nb6 46. Nxb7 Bxb3 47. Bd4 Nd5 48. Kg3 Bc2 49. Kg4 Bd3 50. Kg5 Nc7 51. Bc5+ Ke6 52. Nd8+ Kd5 53. Be7 Ne6+ 54. Nxe6 Kxe6 55. Bf6 Kd5 56. Bc3 Kc4 57. Be1 c5 58. bxc5 Kxc5 59. Kf4 Kd4 60. Kf3 Kc4 61. Ke3 Bf5 62. Ke2 Kb3 63. Kd1 h5 64. Kc1 Bc2 65. Ba5 h4 66. Kd2 h3 67. Bc7 a5 68. Ke2 a4 69. Kf2 a3 70. Kg3 a2 71. Be5 Bf5 72. Kh2 Kc2 73. Kh1 Kb1 74. Kh2 a1Q 75. Bxa1 Kxa1 76. Kg3 Kb2 77. Kf2 Kc3 78. Kg3 Kd3 79. Kf3 Bc8 80. Kf2 Ke4 81. Kg3 Ke3 82. Kh2 Kf2 83. Kh1 Kg3 0-1

[Event "Rhein Main op 13th"]
[Site "Bad Homburg"]
[Date "2010.06.06"]
[Round "7"]
[White "Spinnler, Wolfgang"]
[Black "Khrapko, Marko"]
[Result "1/2-1/2"]
[WhiteElo "1735"]
[BlackElo "1781"]
[PlyCount "76"]
[EventDate "2010.06.02"]
[EventType "swiss"]
[EventRounds "7"]
[EventCountry "GER"]
[SourceTitle "EXT 2011"]
[Source "ChessBase"]
[SourceDate "2010.11.26"]
[SourceVersion "1"]
[SourceVersionDate "2010.11.26"]
[SourceQuality "1"]

1. d4 Nf6 2. c4 e6 3. Nf3 b6 4. g3 Bb7 5. Bg2 c5 6. e3 Qc7 7. b3 cxd4 8. exd4 d5 9. Bf4 Bd6 10. Bxd6 Qxd6 11. 0-0 0-0 12. Ne5 Nbd7 13. Re1 Qc7 14. Nd2 Nxe5 15. dxe5 Nd7 16. cxd5 Bxd5 17. Rc1 Qb7 18. Bxd5 Qxd5 19. Nc4 Qxd1 20. Rcxd1 Nc5 21. Nd6 Rab8 22. b4 Nb7 23. Nb5 a5 24. a3 Rfd8 25. f4 Rxd1 26. Rxd1 Rd8 27. Rxd8+ Nxd8 28. Nd4 Kf8 29. Kf1 Ke7 30. Ke2 Kd7 31. Kd3 axb4 32. axb4 Nc6 33. b5 Nxd4 34. Kxd4 h5 35. h3 Ke7 36. g4 hxg4 37. hxg4 Kf8 38. Ke4 Ke7 1/2-1/2

[Event "Rhein Main op 13th"]
[Site "Bad Homburg"]
[Date "2010.06.05"]
[Round "5"]
[White "Gehlhar, Michael"]
[Black "Khrapko, Marko"]
[Result "1/2-1/2"]
[WhiteElo "1896"]
[BlackElo "1781"]
[PlyCount "93"]
[EventDate "2010.06.02"]
[EventType "swiss"]
[EventRounds "7"]
[EventCountry "GER"]
[SourceTitle "EXT 2011"]
[Source "ChessBase"]
[SourceDate "2010.11.26"]
[SourceVersion "1"]
[SourceVersionDate "2010.11.26"]
[SourceQuality "1"]

1. d4 Nf6 2. c4 e6 3. Nf3 b6 4. g3 Bb7 5. Bg2 d5 6. 0-0 dxc4 7. Qa4+ Qd7 8. Qxc4 Bd5 9. Qc2 Nc6 10. Nbd2 Rd8 11. e4 Nb4 12. Ne5 Nxc2 13. Nxd7 Rxd7 14. exd5 Nxa1 15. dxe6 Rxd4 16. Nf3 Rd8 17. exf7+ Kxf7 18. Ng5+ Kg8 19. Bh3 Bd6 20. Be6+ Kf8 21. Bf5 Re8 22. Bf4 Bxf4 23. gxf4 Nb3 24. axb3 c5 25. Ne6+ Kf7 26. Ng5+ Ke7 27. Re1+ Kd6 28. Rd1+ Kc6 29. Nf7 Rhf8 30. Ne5+ Kc7 31. Nd7 Nxd7 32. Rxd7+ Kc6 33. Bh3 Rxf4 34. Rxa7 Rf3 35. Bd7+ Kd6 36. Bxe8 Rxb3 37. Rxg7 Rxb2 38. Rxh7 c4 39. Rd7+ Kc5 40. Rc7+ Kd4 41. h4 c3 42. Bg6 b5 43. h5 b4 44. h6 Ra2 45. Rc8 Ra6 46. Rd8+ Kc5 47. Bc2 1/2-1/2

[Event "Rhein Main op 13th"]
[Site "Bad Homburg"]
[Date "2010.06.05"]
[Round "6"]
[White "Khrapko, Marko"]
[Black "Lanz, Udo"]
[Result "0-1"]
[WhiteElo "1781"]
[BlackElo "1885"]
[PlyCount "76"]
[EventDate "2010.06.02"]
[EventType "swiss"]
[EventRounds "7"]
[EventCountry "GER"]
[SourceTitle "EXT 2011"]
[Source "ChessBase"]
[SourceDate "2010.11.26"]
[SourceVersion "1"]
[SourceVersionDate "2010.11.26"]
[SourceQuality "1"]

1. e4 e5 2. Nf3 f5 3. exf5 e4 4. Qe2 d5 5. d3 Bxf5 6. dxe4 dxe4 7. Nfd2 Nf6 8. Nc3 Be7 9. Qb5+ Bd7 10. Qxb7 Nc6 11. a3 0-0 12. Qa6 Kh8 13. Nb3 Ne5 14. h3 Qe8 15. Qb7 Bd6 16. Be3 a6 17. Nxe4 Nxe4 18. Qxe4 Bf5 19. Qd5 Bxc2 20. Nd4 Qg6 21. Nxc2 Qxc2 22. Qd2 Qg6 23. Qc3 Rab8 24. Bxa6 Nf7 25. Bd3 Qxg2 26. Ke2 Be5 27. Bd4 Bxd4 28. Qxd4 Rbe8+ 29. Kd2 Ne5 30. Kc3 Qc6+ 31. Kb3 Nxd3 32. Qxd3 Rf3 33. Qxf3 Qxf3+ 34. Kc4 Qe4+ 35. Kc3 Qc6+ 36. Kd4 Re4+ 37. Kd3 Qc4+ 38. Kd2 Re2+ 0-1

[Event "Main Vogelsberg op 5th"]
[Site "Hanau"]
[Date "2010.05.01"]
[Round "4"]
[White "Mainka, Walter"]
[Black "Khrapko, Marko"]
[Result "1-0"]
[WhiteElo "1670"]
[BlackElo "1335"]
[PlyCount "97"]
[EventDate "2010.04.28"]
[EventType "swiss"]
[EventRounds "7"]
[EventCountry "GER"]
[SourceTitle "CBM 136 Extra"]
[Source "ChessBase"]
[SourceDate "2010.07.02"]
[SourceVersion "2"]
[SourceVersionDate "2010.07.15"]
[SourceQuality "1"]

1. d4 Nf6 2. Nf3 e6 3. g3 b6 4. Bg2 Bb7 5. 0-0 Be7 6. c4 0-0 7. a3 a5 8. Nc3 Ne4 9. Qc2 f5 10. Ne5 d6 11. Nd3 Qc8 12. Nxe4 fxe4 13. Nf4 d5 14. b3 Qd7 15. e3 Bg5 16. Ne2 Qc6 17. Bb2 Nd7 18. h4 Bf6 19. Nf4 Qd6 20. Bh3 Rfe8 21. Rfd1 c6 22. a4 e5 23. Ba3 Qc7 24. Ne6 Qc8 25. cxd5 cxd5 26. Qb2 Nf8 27. Rac1 Qb8 28. Nc7 exd4 29. exd4 Bc8 30. Bxc8 Qxc8 31. Nxd5 Qg4 32. Nxf6+ gxf6 33. Rd2 Ng6 34. Kh2 e3 35. fxe3 Rxe3 36. Rg2 Rae8 37. Rcc2 Rf3 38. Rce2 Rxe2 39. Qxe2 Kf7 40. Qc4+ Kg7 41. Qc7+ Kh6 42. Bc1+ Nf4 43. Bxf4+ Kg6 44. Qc2+ Kg7 45. Qe4 Qh5 46. d5 Rxb3 47. d6 Rb4 48. Qe7+ Qf7 49. Bh6+ 1-0

[Event "Main Vogelsberg op 5th"]
[Site "Hanau"]
[Date "2010.04.28"]
[Round "1"]
[White "Khrapko, Marko"]
[Black "Kuenstler, Christian"]
[Result "0-1"]
[WhiteElo "1335"]
[BlackElo "2005"]
[PlyCount "28"]
[EventDate "2010.04.28"]
[EventType "swiss"]
[EventRounds "7"]
[EventCountry "GER"]
[SourceTitle "CBM 136 Extra"]
[Source "ChessBase"]
[SourceDate "2010.07.02"]
[SourceVersion "2"]
[SourceVersionDate "2010.07.15"]
[SourceQuality "1"]

1. e4 c5 2. Nf3 Nc6 3. d4 cxd4 4. Nxd4 g6 5. Bf4 Bg7 6. c3 Nf6 7. f3 0-0 8. Bc4 d5 9. exd5 Nxd5 10. Nxc6 bxc6 11. Qd2 Nxf4 12. Qxf4 Qb6 13. Qd2 Rd8 14. Qf2 Rd1+ 0-1